000 00581nam a22001937a 4500
003 BD-DhJNU
005 20250311070353.0
008 250311b |||||||| |||| 00| 0 eng d
020 _a9644722302
040 _aBD-DhJNU
_bENG
_cBD-DhJNU
_dBD-DhJNU
082 _223
_a297.071
100 _aLegenhausen, Muhammad
245 _aContemporary topics of islamic thought /
_cMuhammad Legenhausen
260 _aIran :
_bIslamic Culture and Relations Organization,
_c2000.
300 _avii, 278 p. :
_c21 cm.
504 _aincludes index
650 _aIslamic Thought
942 _2ddc
_cBK
_n0
999 _c1468
_d1468